[Event "Romania blitz online op final"]
[Site "Chess.com INT"]
[Date "2020.05.06"]
[Round "8"]
[White "Tecu, Ion"]
[Black "Lazar, Ionut Flavius"]
[Result "1-0"]
[WhiteElo "1936"]
[BlackElo "1941"]
[PlyCount "213"]
[EventDate "2020.05.06"]
[EventType "swiss (blitz)"]
[EventRounds "9"]
[EventCountry "ROU"]
[SourceTitle "CBM 196 Extra"]
[Source "ChessBase"]
[SourceDate "2020.07.31"]
[SourceVersion "1"]
[SourceVersionDate "2020.07.31"]
[SourceQuality "1"]

1. e4 Nf6 2. Nc3 d5 3. exd5 Nxd5 4. g3 g6 5. Bg2 Nb6 6. Nge2 Bg7 7. 0-0 0-0 8. d4 Bg4 9. h3 Bc8 10. Bg5 Nc6 11. d5 Ne5 12. b3 h6 13. Bf4 g5 14. Be3 Bf5 15. Nd4 Bg6 16. f4 gxf4 17. gxf4 Ned7 18. f5 Bh7 19. Kh1 Kh8 20. a4 Nf6 21. a5 Nbxd5 22. Bd2 Nxc3 23. Bxc3 Nd5 24. Bb2 Ne3 25. Qd2 Nxf1 26. Rxf1 c5 27. f6 exf6 28. Bxb7 cxd4 29. Bxa8 Qxa8+ 30. Kh2 f5 31. b4 Qb8+ 32. Kg1 Qg3+ 33. Qg2 Qxg2+ 34. Kxg2 Re8 35. b5 Re2+ 36. Rf2 Rxc2 37. Rxc2 f4 38. Rc8+ Bg8 39. b6 axb6 40. axb6 Be5 41. b7 Kh7 42. Bxd4 Bd6 43. Bc5 Be5 44. Ba7 f6 45. b8Q Bd5+ 46. Kf1 Bxb8 47. Bxb8 f3 48. Kf2 Kg6 49. Bg3 Kf5 50. h4 h5 51. Rf8 Be4 52. Rf7 Bd5 53. Rd7 Be6 54. Rd3 Ke4 55. Rxf3 f5 56. Rf4+ Kd5 57. Ke3 Kc5 58. Rd4 Bc8 59. Rd8 Be6 60. Kf4 Bb3 61. Kg5 Bf7 62. Rf8 Bc4 63. Rxf5+ Kd4 64. Kxh5 Be2+ 65. Kg5 Bd3 66. Rf4+ Kd5 67. h5 Ke6 68. h6 Ke7 69. Bh4 Ke8 70. Rf6 Ke7 71. Bg3 Ke8 72. Be5 Ke7 73. Bd4 Be4 74. Rg6 Kf7 75. Rg7+ Kf8 76. Ra7 Kg8 77. Be5 Bd3 78. Kf6 Be4 79. Ke6 Bd3 80. Bg7 Kh7 81. Ra8 Be4 82. Rh8+ Kg6 83. Bf8 Kg5 84. Kf7 Bf5 85. Kg7 Bg6 86. h7 Kf5 87. Rg8 Bxh7 88. Kxh7 Ke6 89. Rg7 Kf6 90. Rb7 Ke6 91. Kg7 Kd5 92. Kf6 Kc6 93. Re7 Kd6 94. Re1+ Kd5 95. Kf5 Kd4 96. Re2 Kd3 97. Re8 Kd4 98. Bg7+ Kd3 99. Kf4 Kd2 100. Re3 Kd1 101. Rg3 Kd2 102. Ke4 Kc2 103. Kd4 Kb1 104. Rg2 Ka1 105. Kd3+ Kb1 106. Kc3 Ka1 107. Kb3+ 1-0